[Event "Heusenstamm Sparkassen op-B 7th"]
[Site "Heusenstamm"]
[Date "2021.11.21"]
[Round "6.38"]
[White "Barth, Horst"]
[Black "Wolff, Sidney Robert"]
[Result "0-1"]
[WhiteElo "1320"]
[BlackElo "1604"]
[PlyCount "96"]
[EventDate "2021.11.18"]
[EventType "swiss"]
[EventRounds "7"]
[EventCountry "GER"]
[SourceTitle "EXT 2023"]
[Source "ChessBase"]
[SourceDate "2022.10.05"]
[SourceVersion "1"]
[SourceVersionDate "2022.10.05"]
[SourceQuality "1"]

1. c4 d6 2. d4 c5 3. d5 g6 4. Nc3 Bg7 5. g3 Nf6 6. Bg2 0-0 7. Nf3 Na6 8. 0-0 Nc7 9. a4 a5 10. Rb1 Na6 11. Na2 Bf5 12. Ra1 Qd7 13. Nc3 Rfd8 14. Re1 Nb4 15. Ra2 Nxa2 16. Nxa2 Ne4 17. Nh4 Bd4 18. e3 Bf6 19. Nxf5 Qxf5 20. Qf3 Ng5 21. Qxf5 gxf5 22. h4 Ne4 23. Re2 Bg7 24. Kh2 Nf6 25. f3 Nd7 26. f4 Nf6 27. Bf3 h5 28. Nc3 Ng4+ 29. Kg2 Bxc3 30. bxc3 Rab8 31. e4 e6 32. e5 Kf8 33. Ba3 b6 34. Bc1 Ke7 35. Re1 Rg8 36. Re2 Rg7 37. Kh3 Rbg8 38. Rg2 dxe5 39. fxe5 Nxe5 40. Bg5+ Rxg5 41. d6+ Kd7 42. hxg5 Nxf3 43. Rb2 Kc6 44. Rf2 Nxg5+ 45. Kg2 Ne4 46. Rf3 h4 47. d7 Kxd7 48. Rd3+ Kc7 0-1

[Event "Stuttgart-chB int"]
[Site "Ditzingen"]
[Date "2009.05.23"]
[Round "6"]
[White "Stadler, Marcus"]
[Black "Wolff, Sidney Robert"]
[Result "1/2-1/2"]
[WhiteElo "1828"]
[BlackElo "1716"]
[PlyCount "64"]
[EventDate "2009.05.21"]
[EventType "swiss"]
[EventRounds "7"]
[EventCountry "GER"]
[SourceTitle "EXT 2018"]
[Source "ChessBase"]
[SourceDate "2017.10.13"]
[SourceVersion "1"]
[SourceVersionDate "2017.10.13"]
[SourceQuality "1"]

1. e4 d5 2. exd5 Qxd5 3. d4 c6 4. c4 Qa5+ 5. Bd2 Qc7 6. Nf3 Bg4 7. Be2 e6 8. 0-0 Nf6 9. Ne5 Bf5 10. Nc3 Nbd7 11. f4 Be7 12. Be3 0-0 13. h3 h6 14. g4 Bh7 15. Bd3 Bxd3 16. Qxd3 Nh7 17. Rf3 Rad8 18. Qe2 Nxe5 19. dxe5 Rd7 20. Raf1 Rfd8 21. Bc1 Re8 22. Qe1 Qd8 23. f5 Bh4 24. Qe2 Ng5 25. Re3 Qb6 26. Kh1 Red8 27. Ne4 Nxe4 28. Rxe4 Bg5 29. fxe6 fxe6 30. Bxg5 hxg5 31. Qf3 Qxb2 32. Re2 Qd4 1/2-1/2

[Event "Stuttgart-chB int"]
[Site "Gerlingen"]
[Date "2007.05.18"]
[Round "4"]
[White "Wolff, Sidney Robert"]
[Black "Rieder, Josef"]
[Result "1/2-1/2"]
[WhiteElo "1572"]
[BlackElo "1881"]
[PlyCount "25"]
[EventDate "2007.05.17"]
[EventType "swiss"]
[EventRounds "7"]
[EventCountry "GER"]
[SourceTitle "EXT 2018"]
[Source "ChessBase"]
[SourceDate "2017.10.13"]
[SourceVersion "1"]
[SourceVersionDate "2017.10.13"]
[SourceQuality "1"]

1. f4 d5 2. Nf3 c5 3. e3 Nf6 4. Bb5+ Bd7 5. Bxd7+ Nbxd7 6. b3 e6 7. 0-0 Bd6 8. Bb2 0-0 9. Qe1 h6 10. Qg3 Re8 11. d3 Qc7 12. Ne5 Bf8 13. Nd2 1/2-1/2